| 000 | 00886nac a22002411u 4500 | ||
|---|---|---|---|
| 010 | _a 94018580 | ||
| 020 | _a0471942529 | ||
| 082 | 0 | 0 |
_a621.31245 _bMES |
| 090 |
_c9070 _d9070 |
||
| 100 | _aMesserle, Hugo K. | ||
| 245 | 1 | 0 |
_aMagnetohydrodynamic electrical power generation / _cHugo K. Messerle. |
| 260 |
_aChichester ; _aNew York : _bJ. Wiley,1995 _cc1995. |
||
| 300 |
_axvii, 191 p. : _bill. ; _c25 cm. |
||
| 440 | 0 | _aUNESCO energy engineering series | |
| 440 | 0 | _aEnergy engineering learning package | |
| 500 | _aDistributer: Al-Ahram | ||
| 504 | _aIncludes bibliographical references (p. 185-186) and index. | ||
| 511 | _acatalogued by: wess | ||
| 650 | 0 |
_aElectric power production _xMagnetohydrodynamic generation. |
|
| 650 | 0 | _aMagnetohydrodynamic generators. | |
| 650 | 0 | _aMagnetohydrodynamics. | |
| 942 |
_cBB _k621.31245MES |
||
| 999 |
_c9070 _d9070 |
||